Aspects of durable resistance in wheat to yellow rust

Spremljeno u:
Bibliografski detalji
Glavni autor: Daniel L Danial
Format: Knjiga
Jezik:Undetermined
Izdano: Wageningen 1994
Teme:
Oznake: Dodaj oznaku
Bez oznaka, Budi prvi tko označuje ovaj zapis!
Thư viện lưu trữ: Trung tâm Học liệu Trường Đại học Cần Thơ
LEADER 00497nam a2200169Ia 4500
001 CTU_38605
008 210402s9999 xx 000 0 und d
082 |a 633.1193 
082 |b D183 
100 |a Daniel L Danial 
245 0 |a Aspects of durable resistance in wheat to yellow rust 
245 0 |c Daniel L Danial 
260 |a Wageningen 
260 |c 1994 
650 |a wheat - durable resistance,wheat rust 
904 |i Liên, 990525 
980 |a Trung tâm Học liệu Trường Đại học Cần Thơ